Najmłodsi zdobywcy bramek dla FC Barcelony w XXI wieku - Statystyki

Ogólne statystyki
  • Ten quiz został rozwiązany 263 razy
  • Średni wynik to 4 z 15
Statystyki odpowiedzi
Hint Odpowiedź % Poprawnych
17 lat 10 miesięcy 7 dni Lionel Messi
95%
16 lat 10 miesięcy Ansu Fati
81%
17 lat 10 miesięcy 25 dni Pedri
77%
17 lat 1 miesiąc 22 dni Bojan Krkić
60%
19 lat 8 miesięcy 3 dni Andrés Iniesta
59%
18 lat 1 miesiąc 15 dni Ilaix Moriba
12%
18 lat 7 miesięcy 1 dzień Giovani dos Santos
9%
18 lat 10 miesięcy 9 dni Thiago
9%
18 lat 10 miesięcy 21 dni Adama Traoré
8%
18 lat 10 miesięcy 25 dni Carles Aleñá
8%
19 lat 1 miesiąc 22 dni Sandro Ramirez
4%
18 lat 11 miesięcy 23 dni Munir El Haddadi
3%
18 lat 7 miesięcy 16 dni Dongou
2%
19 lat 7 miesięcy 30 dni Thiago Motta
0%
19 lat 7 miesięcy 3 dni Wilfrid Kaptoum
0%
Nie znaleziono quizów pasujących do podanych kryteriów
Rozkład punktacji
Procent ludzi z każdym wynikiem
Percentyl według liczby udzielonych odpowiedzi
Twoja historia wyników
Nie rozwiązałeś tego quizu